Hombre y mundo en los siglos XVI y XVII
Salvato in:
| Autore principale: | |
|---|---|
| Natura: | Libro |
| Lingua: | spagnolo |
| Pubblicazione: |
Ciudad de México
Fondo de Cultura Económica
1978
|
| Serie: | Sección de obras de filosofía
|
| Soggetti: | |
| Tags: |
Aggiungi Tag
Nessun Tag, puoi essere il primo ad aggiungerne!!
|
MARC
| LEADER | 00000nam a2200000 a 4500 | ||
|---|---|---|---|
| 001 | UCX3217 | ||
| 003 | CL-VaPUC | ||
| 005 | 20240509155807.0 | ||
| 008 | 911015e19780000MX |||||||||||||||||spa|d | ||
| 999 | |c 224024 |d 224022 | ||
| 040 | |c Pontificia Universidad Católica de Valparaíso | ||
| 082 | 0 | 4 | |a 128 |b DIL |2 21 |
| 100 | 0 | |a Dilthey, Wilhelm |e author |9 319313 | |
| 245 | 1 | 0 | |a Hombre y mundo en los siglos XVI y XVII |
| 260 | |a Ciudad de México |b Fondo de Cultura Económica |c 1978 | ||
| 300 | |a 502 p | ||
| 490 | 0 | |a Sección de obras de filosofía | |
| 583 | |a last modification |c 19911015 00:00:00 |k Rodrigo Vera | ||
| 600 | 0 | |a Bruno, Giordano, |9 319314 |y 1548-1600 | |
| 650 | 0 | |a Filosofía |9 223554 |x Historia | |
| 650 | 0 | |a Historia |9 255047 | |
| 650 | 0 | |a Panteísmo |9 338863 | |
| 650 | 0 | |a Siglos 16-17 |9 319315 | |
| 650 | 0 | |a Metafísica |9 265649 | |
| 650 | 0 | |a Filosofía alemana |9 265002 | |
| 650 | 0 | |a Humanismo |9 256530 | |
| 650 | 0 | |a Filosofía renacentista |9 268121 | |
| 942 | |c BK |2 ddc | ||
| 945 | |d 19911015 00:00:00 | ||
| 952 | |0 0 |1 0 |4 0 |6 128_000000000000000_DIL_1978 |7 0 |8 A |9 220383 |a BIBCUR |b BIBCUR |d 2019-11-15 |i 2891026 |o 128 DIL 1978 |p 2891026 |r 2025-04-22 |w 2019-11-15 |y BK |k FIS | ||
| 952 | |0 0 |1 0 |4 0 |6 128_000000000000000_DIL_1978 |7 0 |8 R |9 220384 |a BIBHIS |b BIBHIS |d 2019-11-15 |i 2891034 |o 128 DIL 1978 |p 2891034 |r 2024-01-30 |w 2019-11-15 |y BK_R |k HIS | ||
| 952 | |0 0 |1 0 |2 ddc |4 0 |6 128_000000000000000_DIL_1978 |7 1 |8 R |9 220385 |a BIBHIS |b BIBHIS |d 2019-11-15 |i 2891042 |o 128 DIL 1978 |p 2891042 |r 2024-01-30 |w 2019-11-15 |y BK_R |k HIS | ||